000 00279nam a22001217a 4500
003 OSt
008 250121b |||||||| |||| 00| 0 eng d
041 _aeng
100 _aPurseGlove
_96971
245 _aTropical Crops: Monocoty dous
260 _aLondon:
_bELBS,
_c1985
942 _cBK
999 _c19096
_d19096